00000000nam##2200000za#4500
0019.566982
003CaOODSP
00520210624180542
007cr |||||||||||
008150406|2009||||xxc|||||o    f|0| 0 eng|d
022 |a1488-5387
040 |aCaOODSP|beng
043 |an-cn---
0861 |aFs97-4/2903E-PDF
1101 |aCanada. |bDepartment of Fisheries and Oceans.
24510|aBiological synopsis of the Japanese skeleton shrimp (Caprella mutica) / |h[electronic resource]|cby Christian Turcotte and Bernard Sainte-Marie.
260 |aMont-Joli - Quebec : |bFisheries and Oceans Canada |c2009.
300 |a36p.|bfigs., references, table
4901 |aCanadian manuscript report of fisheries and aquatic sciences|x1488-5387|v2903
500 |aIncorrect catalogue number (FS97-4/2903) copied in this PDF version.
546 |a(Résumé en français.)
590 |a10-05|b2010-02-05
7201 |aSainte-Marie, Bernard
7201 |aTurcotte, Christian
77508|tSynthèse de la biologie de la caprelle japonaise (Caprella mutica) / |w(CaOODSP)9.598377
7760#|tBiological synopsis of the Japanese skeleton shrimp (Caprella mutica) / |w(CaOODSP)9.619625
830#0|aCanadian manuscript report of fisheries and aquatic sciences,|x1488-5387|v2903|w(CaOODSP)9.505211
85640|ahttp://publications.gc.ca|qPDF|s932 KB|uhttps://publications.gc.ca/collections/collection_2010/mpo-dfo/Fs97-4-2903-eng.pdf|y2903